Na zápasy vedieme 1:0 Prešov - Považská Bystrica 39:36 (32:32, 17:20)

Bibliographic Details
Format: Article
Language:Slovak
PhysicalDescription:Fotogr.
ISSN:1336-4030
Subjects:
Online Access:www.vecernik.po.sk

MARC

LEADER 00000nab a2200000 a 4500
001 vtls009006290
003 SK-MaSNL
005 20260303065731.0
008 070711c20070517xo dr n 000 00slo
038 |a SVKPOCL 
040 |a SVKPOCL  |b slo  |c AACR2  |e AACR2 
041 |a slo 
044 |a xo  |c SK 
080 |a 796.322.093.1  |2 2001 
245 0 0 |a Na zápasy vedieme 1:0  |b Prešov - Považská Bystrica 39:36 (32:32, 17:20)  |c [autor] (jm) 
300 |a Fotogr. 
610 2 7 |a ŠK Farmakol Tatran Prešov  |2 svkpocl  |9 1016155 
650 0 7 |a hádzaná  |x muži  |x finále play off  |y sezóna 2006/2007  |2 svkpocl  |9 1065587 
651 7 |a Prešov (Slovensko)  |2 svkpocl  |9 17347 
651 7 |a Považská Bystrica (Slovensko)  |2 svkpocl  |9 28796 
773 0 |t Prešovský večerník  |g Roč. XVIII, č. 4200 (17.5.2007), s. 15  |x 1336-4030 
852 |a SVKPO  |b KIS3GCP 
856 4 1 |u www.vecernik.po.sk 
958 |a RG 
999 |c 1752420  |d 1754350